MARC

Tag First Indicator Second Indicator Subfields
LEADER 00000cam a2200000 a 4500
001 in00001237962
005 20151003061203.0
008 951003s1995 enkae b 000 0 eng d
020 |a 0714832596 
035 |a (OCoLC)33233224 
035 |9 AGS3764AM 
040 |a VPI  |c VPI  |d UIU  |d TXA  |d UtOrBLW 
049 |a TXAM 
090 |a NA737.M73  |b A72 1995 
092 0 |a 728.80979494  |b St32l  |2 20 
100 1 |a Steele, James,  |d 1943- 
245 1 0 |a Lawson-Westen House :  |b Eric Owen Moss /  |c James Steele. 
264 1 |a London :  |b Phaidon,  |c 1995. 
300 |a 60 pages :  |b illustrations (some color), plans ;  |c 30 cm. 
336 |a text  |b txt  |2 rdacontent 
337 |a unmediated  |b n  |2 rdamedia 
338 |a volume  |b nc  |2 rdacarrier 
490 1 |a Architecture in detail 
504 |a Includes bibliographical references. 
600 1 0 |a Moss, Eric Owen,  |d 1943-  |x Criticism and interpretation. 
610 2 0 |a Lawson-Westen House (Los Angeles, Calif.) 
650 0 |a Architecture, Domestic  |z California  |z Los Angeles. 
651 0 |a Los Angeles (Calif.)  |x Buildings, structures, etc. 
700 1 |a Moss, Eric Owen,  |d 1943- 
830 0 |a Architecture in detail (London, England) 
999 |a MARS 
999 f f |s a276616d-eae5-368a-b6bf-da349714d8c8  |i d747ea5e-60d3-3b1a-b2c1-b8e9ee276c2f  |t 0 
952 f f |p ric  |a Texas A&M University  |b Rellis Campus  |c Joint Library Facility  |d Remote Storage  |t 0  |e NA737.M73 A72 1995  |h Library of Congress classification  |i unmediated -- volume  |m A14819526264 
998 f f |a NA737.M73 A72 1995  |t 0  |l Remote Storage